- Olvera García, Julio César
Entry Nombre Personal
001 - NUMERO DE CONTROL
- campo de control: 50052
003 - IDENTIFICADOR DE NUMERO DE CONTROL
- campo de control: DLC
005 - FECHA Y HORA DE LA ÜLTIMA TRANSACCIÓN
- campo de control: 20230922134130.0
008 - DATOS DE LONGITUD FIJA
- campo de control de longitud fija: 090508nn aznnnbabn |a aaa c
010 ## - NÚMERO DE CONTROL DE LA BIBLIOTECA DEL CONGRESO
- Número de control LC: no2009071554
035 ## - NUMERO DE CONTROL
- Número de control: (OCoLC)oca08103222
035 ## - NUMERO DE CONTROL
- Número de control: (CaEvSKY)skya8821633
040 ## - FUENTE DE CATALOGACIÓN
- Agencia original de catalogación: CU-S
- Lenguaje de catalogación: eng
- Description conventions: spa
- Agencia de transcripción: CU-S
- Agencia que lo modifica: CU-S
- Agencia que lo modifica: DLC
- Agencia que lo modifica: MX-SlUA
- Agencia que lo modifica: MX-MxUPN
100 1# - ENCABEZAMIENTO - NOMBRE PERSONAL
- Nombre personal: Olvera García, Julio César
377 ## - LENGUA ASOCIADA
- Language code: spa
400 1# - VEÁSE - NOMBRE DE PERSONA
- Personal name: García, Julio César Olvera
400 1# - VEÁSE - NOMBRE DE PERSONA
- Personal name: Olvera, Julio César
670 ## - FUENTE EN LA QUE SE LOCALIZARON DATOS
- Cita de la fuente: Ciudadanía, cultura política y abstencionismo en el Estado de México 1993-2003, 2007:
- Información localizada: portada (Julio César Olvera García) p. 11 (Julio César Olvera)
670 ## - FUENTE EN LA QUE SE LOCALIZARON DATOS
- Cita de la fuente: Ciudad y ciudadanía: hacia una resignificación desde el contexto mexicano, 2015:
- Información localizada: portada(coordinador Julio César Olvera García)
670 ## - FUENTE EN LA QUE SE LOCALIZARON DATOS
- Cita de la fuente: El municipio mexicano ante los grandes retos del siglo XXI, 2015:
- Información localizada: portada (Coordinador Julio César Olvera García)
670 ## - FUENTE EN LA QUE SE LOCALIZARON DATOS
- Cita de la fuente: Administración pública y sociedad, 2017 :
- Información localizada: portada (Julio Cesar Olvera García)
902 ## - CATALOGADOR
- Catalogador: VíctorGodínez/220923
